000 00304nam a2200109 4500
999 _c10594
_d10594
008 180907b ||||| |||| 00| 0 eng d
245 _aPH secures P27.2B of investments from Japan.
260 _aDavao City
_bSun Star Davao
_cc2017
300 _apage 8.
650 0 _931004
_aInvestments.
942 _2ddc
_cPER